| 000 | 00479nam a2200169Ia 4500 | ||
|---|---|---|---|
| 003 | GCL | ||
| 008 | 140319s9999 xx 000 0 ara d | ||
| 040 |
_aGCL / _cGCL |
||
| 082 | 0 | 4 |
_a211 _bع ا |
| 100 | 1 | _aعبدالقادر عودة | |
| 245 | 1 | 0 |
_aالاسلام بين جهل ابنائه وعجز علمائه / _cعبدالقادر عودة |
| 300 | _a78 ص | ||
| 490 | _a | ||
| 650 | 0 | 4 | _aالاسلام |
| 650 | 0 | 4 | _aالشريعة الاسلامية |
| 942 |
_2ddc _cBK |
||
| 999 |
_c38375 _d38375 |
||